000 00336nam a2200133Ia 4500
008 180921t1970 xxu||||| ||||o00| 0 eng d
041 _aeng
245 _aFerguson's Ceylon Directory : Sport And Recreation 1969
260 _c1970
300 _ap.1205, 23 cm
942 _cBK
999 _c47029
_d47029
003 LK-CoDNM
040 _aLK-CoDNM
_dLK-CoDNM
_eLK-CoDNM